00675 2200229 4500001002100000005001500021035002000036007000300056008004100059020001800100082001100118084001700129100002000146245012000166250000600286260003300292300004600325700002200371700001900393650001600412990001700428INLIS00000000000151520260520081045 a0010-1123000146ta260520 j 0 ind  a979-534-345-9 a623.82 a623.82 WOO r0 aWoodford, Chris1 aRahasia di balik kapal motor /cChris Woodford ; alih bahasa, Indri Yuli Astuti ; penyunting bahasa, Andri Setyawan a- aBandung :bPakar Raya,c2006 a32 :bilus. ; gambar berwarna ;c28 cme-0 aIndri Yuli Astuti0 aAndri Setyawan 4aKapal motor a00063/R/2007